[Event "Baku op"]
[Site "Baku"]
[Date "2009.09.26"]
[Round "6"]
[White "Kamsky, Gata"]
[Black "Khotenashvili, Bela"]
[Result "1-0"]
[WhiteElo "2692"]
[BlackElo "2438"]
[PlyCount "95"]
[EventDate "2009.09.21"]
[EventType "swiss"]
[EventRounds "9"]
[EventCountry "AZE"]
[SourceTitle "CBM 132 Extra"]
[Source "ChessBase"]
[SourceDate "2009.11.03"]
[SourceVersion "1"]
[SourceVersionDate "2009.11.03"]
[SourceQuality "1"]

1. e4 c6 2. d4 d5 3. e5 Bf5 4. Nd2 h6 5. Nb3 e6 6. Ne2 Nd7 7. Nf4 Ne7 8. Be2
Qc7 9. O-O c5 10. c3 Nc6 11. Bh5 g6 12. g4 Be4 13. f3 Bc2 14. Qxc2 gxh5 15.
Nxh5 Qb6 16. Qf2 c4 17. Nd2 Ncxe5 18. b3 Qc6 19. Qe2 Nd3 20. bxc4 dxc4 21. a4
O-O-O 22. Rd1 e5 23. Nxc4 Qxc4 24. Qxd3 Qxd3 25. Rxd3 Nc5 26. Re3 Nb3 27. Rb1
exd4 28. cxd4 Nxd4 29. Kg2 Nc6 30. Reb3 b6 31. Be3 Rg8 32. Rc3 Kb7 33. Rb5 Rg6
34. Rf5 Rd7 35. Nf6 Re7 36. Ne4 Rd7 37. Rb3 Ka6 38. Nf6 Re7 39. Nd5 Rb7 40. h4
Re6 41. h5 Bg7 42. Bf4 Re2+ 43. Kf1 Rd7 44. Rd3 Ra2 45. Nb4+ Nxb4 46. Rxd7 Nc6
47. Rfxf7 Bd4 48. Rc7 1-0

[Event "Baku op"]
[Site "Baku"]
[Date "2009.09.27"]
[Round "7"]
[White "Sanikidze, Tornike"]
[Black "Kamsky, Gata"]
[Result "1/2-1/2"]
[WhiteElo "2600"]
[BlackElo "2692"]
[PlyCount "38"]
[EventDate "2009.09.21"]
[EventType "swiss"]
[EventRounds "9"]
[EventCountry "AZE"]
[SourceTitle "EXT 2019"]
[Source "ChessBase"]
[SourceDate "2018.10.10"]
[SourceVersion "1"]
[SourceVersionDate "2018.10.10"]
[SourceQuality "1"]

1. d4 d5 2. c4 c6 3. Nf3 Nf6 4. Nc3 a6 5. e3 g6 6. Be2 Bg7 7. O-O O-O 8. a4 a5
9. h3 e6 10. b3 Na6 11. Bb2 b6 12. Rc1 Bb7 13. Re1 Qe7 14. Ne5 c5 15. cxd5 exd5
16. Bxa6 Rxa6 17. Ba3 Rc8 18. Nd3 Bf8 19. Nb5 Nd7 1/2-1/2

[Event "Baku op"]
[Site "Baku"]
[Date "2009.09.28"]
[Round "8"]
[White "Kamsky, Gata"]
[Black "Yilmaz, Mustafa"]
[Result "1-0"]
[WhiteElo "2692"]
[BlackElo "2475"]
[PlyCount "145"]
[EventDate "2009.09.21"]
[EventType "swiss"]
[EventRounds "9"]
[EventCountry "AZE"]
[SourceTitle "CBM 132 Extra"]
[Source "ChessBase"]
[SourceDate "2009.11.03"]
[SourceVersion "1"]
[SourceVersionDate "2009.11.03"]
[SourceQuality "1"]

1. e4 c5 2. Nf3 d6 3. d4 cxd4 4. Nxd4 Nf6 5. Nc3 a6 6. h3 e6 7. g4 d5 8. Bg2
Nxe4 9. Nxe4 dxe4 10. Bxe4 e5 11. Nb3 Qxd1+ 12. Kxd1 h5 13. g5 Nc6 14. Be3 Be6
15. Ke2 O-O-O 16. h4 Nd4+ 17. Nxd4 exd4 18. Bf4 Bd6 19. Bxd6 Rxd6 20. Rhe1 Bd7
21. Kd2 Rf8 22. Bd3 f6 23. f4 fxg5 24. fxg5 Rf4 25. Re4 Rf2+ 26. Re2 Rf4 27.
Rh2 Re6 28. Rf1 Rxf1 29. Bxf1 Re4 30. Be2 Bg4 31. Rf2 Bxe2 32. Rxe2 Rxh4 33.
Re7 g6 34. Rg7 Rg4 35. Rxg6 Rg3 36. Rg7 h4 37. Rh7 h3 38. g6 Rxg6 39. Rxh3 Rg4
40. Rh7 Rg5 41. Kd3 Rg2 42. Rh4 Kc7 43. Rxd4 Kc6 44. Rc4+ Kb5 45. b3 Rh2 46.
Rg4 a5 47. Rg5+ Ka6 48. a4 Rh1 49. Rg6+ b6 50. Rg7 Rh4 51. c3 Rh3+ 52. Kd4 Rh4+
53. Kd5 Rh5+ 54. Kd6 Rh6+ 55. Kc7 Rh3 56. Re7 Ka7 57. Kc6+ Ka6 58. Kc7 Ka7 59.
Kc8+ Ka8 60. Rc7 Rd3 61. Rc4 Ka7 62. b4 axb4 63. cxb4 Ka6 64. Rc7 Rh3 65. b5+
Ka5 66. Ra7+ Kb4 67. Kb7 Rh6 68. Ra8 Rg6 69. Ka6 Kxa4 70. Rb8 Kb4 71. Rxb6 Rg5
72. Rh6 Kc5 73. Rc6+ 1-0

[Event "Baku op"]
[Site "Baku"]
[Date "2009.09.29"]
[Round "9"]
[White "Savchenko, Boris"]
[Black "Kamsky, Gata"]
[Result "0-1"]
[WhiteElo "2638"]
[BlackElo "2692"]
[PlyCount "60"]
[EventDate "2009.09.21"]
[EventType "swiss"]
[EventRounds "9"]
[EventCountry "AZE"]
[SourceTitle "CBM 132 Extra"]
[Source "ChessBase"]
[SourceDate "2009.11.03"]
[SourceVersion "1"]
[SourceVersionDate "2009.11.03"]
[SourceQuality "1"]

1. e4 e6 2. d4 d5 3. Nc3 Bb4 4. e5 c5 5. a3 Bxc3+ 6. bxc3 Ne7 7. Qg4 cxd4 8.
cxd4 Qc7 9. Kd1 h5 10. Qf4 b6 11. Bb5+ Bd7 12. Bd3 Ng6 13. Qe3 Nc6 14. Nh3 Nce7
15. Ng5 Nh4 16. Qh3 Nhf5 17. Bb2 f6 18. Nf3 O-O-O 19. Re1 g5 20. g4 hxg4 21.
Qxg4 Be8 22. Kc1 Bh5 23. Qg2 Ng6 24. exf6 Nf4 25. Ba6+ Kb8 26. Qh1 b5 27. Nxg5
Rc8 28. c3 Nxd4 29. Bxc8 Rxc8 30. Re3 Qc4 0-1

[Event "World Cup"]
[Site "Khanty-Mansiysk"]
[Date "2009.11.21"]
[Round "1.1"]
[White "Kamsky, Gata"]
[Black "Antonio, Rogelio Jr"]
[Result "1-0"]
[WhiteElo "2695"]
[BlackElo "2574"]
[Annotator "Postny,E"]
[PlyCount "83"]
[EventDate "2009.11.21"]
[EventType "k.o."]
[EventRounds "7"]
[EventCountry "RUS"]
[SourceTitle "CBM 134"]
[Source "ChessBase"]
[SourceDate "2010.01.18"]
[SourceVersion "1"]
[SourceVersionDate "2010.01.18"]
[SourceQuality "1"]

1. e4 c6 2. d4 d5 3. e5 Bf5 4. Nf3 e6 5. Be2 Nd7 6. O-O Ne7 7. Nbd2 Nc8 {
Usually Black adopts this plan when the white knight is already on b3
preventing the c6-c5 advance.} ({One of the possible alternatives is the
immediate} 7... c5 {.} {Black should know how to react against the typical
strike} 8. c4 a6 $1 9. dxc5 Nxc5 10. Nb3 Nc6 11. Bg5 Qd7 12. cxd5 Qxd5 13. Qxd5
exd5 14. Nbd4 Bg4 15. Rac1 Ne6 16. Be3 Nexd4 17. Nxd4 Bxe2 18. Nxe2 Nxe5 19.
Rfd1 Nc6 20. Bb6 Be7 21. Rxd5 Bf6 22. Nd4 Bxd4 23. Bxd4 O-O $11 {1/2-1/2
Nijboer,F (2598)-Mchedlishvili,M (2561)/Dieren 2006/CBM 113 ext (31)}) ({
A more quiet option is} 7... h6 {followed by Bf5-h7, Ne7-g6, Bf8-e7 and
castling. Black keeps slightly worse, but solid position.}) 8. a4 $1 {A
typical push directed to rob of the black knight the b6 square.} Be7 (8... a5
$6 {is not recommened, since after the forthcoming c6-c5 advance White will
get a control over the b5 square.}) 9. a5 a6 10. c3 Na7 11. Nb3 $6 {This is a
standart move, but why not to prevent from the opponent the c6-c5 advance once
and for all?} (11. b4 $1 {guaranties White small, but stable advantage thanks
to the space superiority.}) 11... O-O 12. Be3 Bg6 13. Ne1 c5 {Normally, if
Black managed to play c6-c5 in this opening line, his position is at least
playable.} 14. f4 (14. Nxc5 Bxc5 15. dxc5 Nxe5 {is perfectly playable for
Black.}) 14... cxd4 $6 {Not the best choice. I think Black should occupy more
space on the queenside by 14...c4.} (14... c4 15. Nd2 Nc6 {[%csl Ra5]} 16. b4 (
{A straightforward attempt to break through does not work:} 16. g4 f6 17. f5 $6
Bf7 18. Nxc4 $6 dxc4 19. Bxc4 Nxa5 20. Rxa5 Qxa5 21. fxe6 Nxe5 22. exf7+ Nxf7
$15) 16... cxb3 17. Nxb3 Rc8 {[%csl Rc3][%cal Gc6a7,Ga7b5] would give Black
sufficient counterplay. The Pc3 is a target.}) 15. Nxd4 Nc6 16. b4 Nxd4 17.
Bxd4 Nb8 {Transfering the knight to a more active c6 square.} (17... Qc7 18.
Nf3 f6 19. exf6 Bxf6 20. Qd2 $14 {[%csl Re6] The Pe6 might become a weakness.})
18. Nf3 Nc6 19. Bb6 Qd7 20. Qd2 Rfe8 21. Bd1 {The bishop might go to a4 to pin
the knight.} Bd8 22. Be3 b6 $2 {This move seems like a self-destruction.} (
22... Be7 {was possible keeping slightly worse, but solid position.}) 23. axb6
Qb7 24. Qf2 Nb8 $2 (24... Bd3 $1 {was the only reasonable.} 25. Re1 Rb8 26. Nd2
Bxb6 27. Nb3 $16) 25. Ra3 Nd7 26. Be2 Nxb6 {Black captured back the pawn, but
spent too many tempoes. The Pa6 is practically doomed.} 27. Nd2 Nd7 28. Rfa1
$18 Nb8 29. Bd4 Be7 30. R3a2 Qc6 31. Nb3 h6 32. h3 {A prophylactic move from a
player with strong nerves. White is not in a hurry, there is no defense
against b4-b5 anyway.} Kf8 33. b5 f6 {Must be a mistake in the scoresheet.} ({
I guess in the game actually was:} 33... Qb7 34. Qe3 f6) 34. Qe3 Qb7 35. b6 Qd7
36. exf6 gxf6 37. Na5 e5 38. fxe5 fxe5 39. Bxe5 Bg5 40. Qd4 Nc6 41. Nxc6 Qxc6
42. Rxa6 1-0

[Event "Reggio Emilia-A 52nd"]
[Site "Reggio Emilia"]
[Date "2009.12.28"]
[Round "1"]
[White "Vocaturo, Daniele"]
[Black "Kamsky, Gata"]
[Result "0-1"]
[WhiteElo "2500"]
[BlackElo "2695"]
[PlyCount "100"]
[EventDate "2009.12.28"]
[EventType "tourn"]
[EventRounds "9"]
[EventCountry "ITA"]
[EventCategory "15"]
[SourceTitle "CBM 134"]
[Source "ChessBase"]
[SourceDate "2010.01.18"]
[SourceVersion "1"]
[SourceVersionDate "2010.01.18"]
[SourceQuality "1"]

1. e4 c5 2. Nf3 e6 3. d4 cxd4 4. Nxd4 a6 5. Bd3 Ne7 6. O-O Ng6 7. Kh1 Bc5 8.
Nb3 Ba7 9. f4 Nc6 10. Qe2 O-O 11. Be3 d6 12. N1d2 Re8 13. a4 Qc7 14. c3 Bd7 15.
Bxa7 Nxa7 16. g3 Rad8 17. h4 Nf8 18. Kh2 Nc8 19. a5 Re7 20. Nf3 e5 21. f5 d5
22. Nfd2 dxe4 23. Nxe4 f6 24. g4 Bc6 25. g5 Nd7 26. Rad1 Kh8 27. Rd2 Ree8 28.
Rfd1 Ne7 29. Qg4 Nd5 30. Rg1 Rf8 31. Rg3 Nf4 32. Bc2 Bxe4 33. Bxe4 fxg5 34.
hxg5 Nc5 35. Rxd8 Rxd8 36. Nxc5 Qxc5 37. Qf3 Qxa5 38. Rg1 Qb6 39. b4 Rd2+ 40.
Kh1 Qd8 41. Bb1 Ne2 42. f6 Nxg1 43. fxg7+ Kxg7 44. Qf5 Nf3 45. Qxh7+ Kf8 46.
Qh8+ Ke7 47. Qf6+ Kd7 48. Qxf3 Kc7 49. Be4 Qxg5 50. Bxb7 Qh4+ 0-1

[Event "Reggio Emilia-A 52nd"]
[Site "Reggio Emilia"]
[Date "2009.12.29"]
[Round "2"]
[White "Safarli, Eltaj"]
[Black "Kamsky, Gata"]
[Result "1/2-1/2"]
[WhiteElo "2592"]
[BlackElo "2695"]
[PlyCount "59"]
[EventDate "2009.12.28"]
[EventType "tourn"]
[EventRounds "9"]
[EventCountry "ITA"]
[EventCategory "15"]
[SourceTitle "CBM 134"]
[Source "ChessBase"]
[SourceDate "2010.01.18"]
[SourceVersion "1"]
[SourceVersionDate "2010.01.18"]
[SourceQuality "1"]

1. e4 e5 2. Nf3 Nc6 3. Bb5 a6 4. Ba4 Nf6 5. Nc3 Be7 6. Bxc6 dxc6 7. h3 O-O 8.
O-O Nd7 9. d3 Bd6 10. Ne2 c5 11. Ng3 Nb8 12. Nf5 Nc6 13. N3h4 Be7 14. Nxe7+
Qxe7 15. Nf3 f6 16. Be3 Be6 17. b3 b6 18. Nd2 g5 19. h4 h6 20. hxg5 hxg5 21. g4
a5 22. a4 Kf7 23. Kg2 Rh8 24. f3 Qd7 25. Rh1 Ne7 26. Qe2 Ng6 27. Rxh8 Rxh8 28.
Rh1 Qd8 29. Rxh8 Qxh8 30. Kg1 1/2-1/2

[Event "Reggio Emilia-A 52nd"]
[Site "Reggio Emilia"]
[Date "2009.12.31"]
[Round "4"]
[White "Caruana, Fabiano"]
[Black "Kamsky, Gata"]
[Result "1/2-1/2"]
[WhiteElo "2652"]
[BlackElo "2695"]
[PlyCount "113"]
[EventDate "2009.12.28"]
[EventType "tourn"]
[EventRounds "9"]
[EventCountry "ITA"]
[EventCategory "15"]
[SourceTitle "CBM 134"]
[Source "ChessBase"]
[SourceDate "2010.01.18"]
[SourceVersion "1"]
[SourceVersionDate "2010.01.18"]
[SourceQuality "1"]

1. e4 c6 2. d4 d5 3. Nd2 dxe4 4. Nxe4 Bf5 5. Nc5 Nd7 6. Nxb7 Qc7 7. Nc5 Nxc5 8.
dxc5 e6 9. Bd3 Bxc5 10. Bxf5 Qe5+ 11. Qe2 Qxf5 12. Nf3 Ne7 13. O-O O-O 14. Bg5
Ng6 15. Qd3 Qxd3 16. cxd3 Rfb8 17. Rac1 Bf8 18. b3 a5 19. Rxc6 a4 20. Rb1 axb3
21. Rxb3 Rxb3 22. axb3 h6 23. Be3 Ra3 24. Rc3 Bd6 25. Nd4 Bf4 26. Nc2 Ra2 27.
Kf1 Bd6 28. b4 Rb2 29. Bc5 Rb1+ 30. Ke2 Bxh2 31. g3 h5 32. Kf3 Rg1 33. b5 h4
34. b6 h3 35. Bd6 Nh4+ 36. Ke2 Rb1 37. Nb4 Bxg3 38. Bxg3 Rxb4 39. Bxh4 h2 40.
Rc8+ Kh7 41. Rc1 Rxh4 42. Rh1 Rb4 43. Rxh2+ Kg6 44. Ke3 Rxb6 45. Rh1 Rb5 46.
Rg1+ Rg5 47. Ra1 Rh5 48. d4 Rh3+ 49. Ke4 Rb3 50. Ra5 Rb1 51. Rc5 Kf6 52. f4 Rd1
53. Rg5 Ra1 54. Kf3 g6 55. d5 Ra3+ 56. Kf2 exd5 57. Rxd5 1/2-1/2

[Event "Reggio Emilia-A 52nd"]
[Site "Reggio Emilia"]
[Date "2010.01.03"]
[Round "6"]
[White "Brunello, Sabino"]
[Black "Kamsky, Gata"]
[Result "0-1"]
[WhiteElo "2507"]
[BlackElo "2695"]
[PlyCount "98"]
[EventDate "2009.12.28"]
[EventType "tourn"]
[EventRounds "9"]
[EventCountry "ITA"]
[EventCategory "15"]
[SourceTitle "CBM 134"]
[Source "ChessBase"]
[SourceDate "2010.01.18"]
[SourceVersion "1"]
[SourceVersionDate "2010.01.18"]
[SourceQuality "1"]

1. d4 Nf6 2. c4 g6 3. g3 Bg7 4. Bg2 O-O 5. Nf3 c6 6. Nc3 d5 7. cxd5 cxd5 8. Ne5
e6 9. O-O Nfd7 10. f4 Nc6 11. Be3 Nb6 12. Bf2 Ne7 13. a4 a5 14. Rc1 Bd7 15.
Nxd7 Qxd7 16. Qb3 Nc4 17. Rfd1 Nf5 18. Ne4 Rac8 19. Nc5 Qe7 20. e3 b6 21. Rxc4
dxc4 22. Qxb6 Rb8 23. Qxa5 Rxb2 24. Bf1 Nd6 25. Qc3 Rfb8 26. e4 Qa7 27. e5 Nf5
28. Bxc4 Bf8 29. Nd3 Rb1 30. Rxb1 Rxb1+ 31. Kg2 Qa8+ 32. d5 Ne7 33. Nc5 Nxd5
34. Qf3 Bxc5 35. Bxc5 Qc6 36. Bxd5 Qxc5 37. Be4 Qg1+ 38. Kh3 Rb2 39. Qh1 Qf2
40. Qg2 Qd4 41. Qf3 Qxa4 42. Qd3 Qa5 43. Bc6 Rd2 44. Qc4 Qb6 45. Bg2 Qb2 46.
Qe4 h5 47. Qa8+ Kg7 48. Qe4 Re2 49. Qa8 Qc2 0-1

[Event "Reggio Emilia-A 52nd"]
[Site "Reggio Emilia"]
[Date "2010.01.05"]
[Round "8"]
[White "Bologan, Viktor"]
[Black "Kamsky, Gata"]
[Result "1/2-1/2"]
[WhiteElo "2692"]
[BlackElo "2695"]
[PlyCount "80"]
[EventDate "2009.12.28"]
[EventType "tourn"]
[EventRounds "9"]
[EventCountry "ITA"]
[EventCategory "15"]
[SourceTitle "CBM 134"]
[Source "ChessBase"]
[SourceDate "2010.01.18"]
[SourceVersion "1"]
[SourceVersionDate "2010.01.18"]
[SourceQuality "1"]

1. e4 e6 2. d4 d5 3. Nc3 Bb4 4. e5 c5 5. a3 Bxc3+ 6. bxc3 Ne7 7. Qg4 cxd4 8.
Qxg7 Rg8 9. Qxh7 Qc7 10. Ne2 dxc3 11. f4 Nbc6 12. Qd3 d4 13. h4 b6 14. Nxd4
Nxd4 15. Qxd4 Nf5 16. Bb5+ Bd7 17. Qxd7+ Qxd7 18. Bxd7+ Kxd7 19. Kf2 Rg4 20.
Be3 Rag8 21. Rag1 Nxh4 22. g3 Nf5 23. Rh3 Ke7 24. Kf3 Nxe3 25. Kxe3 Rd8 26. Rh2
Rgg8 27. g4 Rd2 28. Rxd2 cxd2 29. Kxd2 Rh8 30. f5 exf5 31. gxf5 Rh5 32. Rf1 Rh4
33. Ke3 Ra4 34. Rd1 Rxa3+ 35. Ke4 Ra4+ 36. Rd4 Rxd4+ 37. Kxd4 f6 38. e6 Kd6 39.
Kc4 a6 40. Kb4 Kc6 1/2-1/2

[Event "Gibraltar Masters 8th"]
[Site "Caleta"]
[Date "2010.01.30"]
[Round "5"]
[White "Carlsson, Pontus"]
[Black "Kamsky, Gata"]
[Result "0-1"]
[WhiteElo "2476"]
[BlackElo "2693"]
[PlyCount "72"]
[EventDate "2010.01.26"]
[EventType "swiss"]
[EventRounds "10"]
[EventCountry "GGB"]
[SourceTitle "CBM 134 Extra"]
[Source "ChessBase"]
[SourceDate "2010.03.03"]
[SourceVersion "1"]
[SourceVersionDate "2010.03.03"]
[SourceQuality "1"]

1. e4 c5 2. Nf3 e6 3. d4 cxd4 4. Nxd4 a6 5. Bd3 g6 6. b3 Bg7 7. Bb2 Nf6 8. O-O
d6 9. Nd2 O-O 10. a4 Nbd7 11. N4f3 b6 12. Nc4 Nc5 13. a5 b5 14. Nb6 Rb8 15. b4
Ncd7 16. Nxc8 Rxc8 17. Qe2 Qc7 18. Rfc1 d5 19. e5 Ng4 20. Re1 Nh6 21. Bd4 Rfe8
22. Ng5 Nf8 23. Bc5 f6 24. exf6 Bxf6 25. Bxf8 Bxg5 26. h4 Kxf8 27. hxg5 Nf7 28.
Qg4 e5 29. Rad1 Qe7 30. Bf1 Rcd8 31. c3 Nxg5 32. f4 Qa7+ 33. Kh2 Ne4 34. Qh4
Qf2 35. Qxf2 Nxf2 36. Rd2 Ne4 0-1

[Event "Moscow Aeroflot op-A 9th"]
[Site "Moscow"]
[Date "2010.02.13"]
[Round "5"]
[White "Zhou, Weiqi"]
[Black "Kamsky, Gata"]
[Result "0-1"]
[WhiteElo "2600"]
[BlackElo "2693"]
[PlyCount "106"]
[EventDate "2010.02.09"]
[EventType "swiss"]
[EventRounds "9"]
[EventCountry "RUS"]
[SourceTitle "CBM 135"]
[Source "ChessBase"]
[SourceDate "2010.03.17"]
[SourceVersion "1"]
[SourceVersionDate "2010.03.17"]
[SourceQuality "1"]

1. d4 Nf6 2. c4 e6 3. Nc3 Bb4 4. e3 O-O 5. Bd3 c5 6. Nf3 d5 7. O-O dxc4 8. Bxc4
Nbd7 9. Qb3 a6 10. a4 Qe7 11. Rd1 Rb8 12. Qc2 Nb6 13. Bd3 cxd4 14. exd4 h6 15.
Bf4 Bd6 16. Bxd6 Qxd6 17. Ne4 Nxe4 18. Bxe4 Bd7 19. Ne5 Rfc8 20. Qb3 a5 21. f4
Be8 22. f5 exf5 23. Bxf5 Rc7 24. Be4 Rd8 25. Bf3 Kh8 26. Ng4 Bd7 27. Ne3 f5 28.
Nd5 Nxd5 29. Qxd5 Qxd5 30. Bxd5 Bxa4 31. Rxa4 Rxd5 32. b4 b5 33. Rxa5 Rc4 34.
Ra8+ Kh7 35. Re8 Rxb4 36. Re5 Rxe5 37. dxe5 Re4 38. Rd5 b4 39. Kf2 h5 40. Rb5
Kg6 41. Rb7 h4 42. h3 Kg5 43. e6 Kf6 44. e7 Kf7 45. Kg1 g5 46. Kh2 g4 47. hxg4
fxg4 48. g3 h3 49. Kh1 Re1+ 50. Kh2 Re2+ 51. Kh1 Rb2 52. Kg1 b3 53. Kh1 Ke8 0-1

[Event "Philadelphia op"]
[Site "Philadelphia"]
[Date "2010.03.31"]
[Round "1"]
[White "Sandager, Stephen"]
[Black "Kamsky, Gata"]
[Result "0-1"]
[WhiteElo "2161"]
[BlackElo "2702"]
[PlyCount "52"]
[EventDate "2010.03.31"]
[EventType "swiss"]
[EventRounds "9"]
[EventCountry "USA"]
[SourceTitle "CBM 135 Extra"]
[Source "ChessBase"]
[SourceDate "2010.05.04"]
[SourceVersion "1"]
[SourceVersionDate "2010.05.04"]
[SourceQuality "1"]

1. d4 Nf6 2. c4 g6 3. Nc3 d5 4. Nf3 Bg7 5. cxd5 Nxd5 6. e4 Nxc3 7. bxc3 O-O 8.
Rb1 c5 9. Be2 Nc6 10. d5 Ne5 11. Nxe5 Bxe5 12. Qd2 e6 13. f4 Bc7 14. O-O exd5
15. exd5 Ba5 16. Rb3 a6 17. f5 Re8 18. fxg6 hxg6 19. Qf4 Bf5 20. Bf3 b5 21. d6
c4 22. Bxa8 cxb3 23. Bd5 bxa2 24. Bxa2 Bxc3 25. Qg3 Be5 26. Bf4 Qxd6 0-1

[Event "Philadelphia op"]
[Site "Philadelphia"]
[Date "2010.04.02"]
[Round "5"]
[White "Robson, Ray"]
[Black "Kamsky, Gata"]
[Result "1/2-1/2"]
[WhiteElo "2559"]
[BlackElo "2702"]
[PlyCount "52"]
[EventDate "2010.03.31"]
[EventType "swiss"]
[EventRounds "9"]
[EventCountry "USA"]
[SourceTitle "CBM 135 Extra"]
[Source "ChessBase"]
[SourceDate "2010.05.04"]
[SourceVersion "1"]
[SourceVersionDate "2010.05.04"]
[SourceQuality "1"]

1. e4 e5 2. Nf3 Nc6 3. Bb5 a6 4. Ba4 Nf6 5. O-O Be7 6. Re1 b5 7. Bb3 d6 8. c3
O-O 9. h3 Nb8 10. d4 Nbd7 11. Nbd2 Bb7 12. a3 c5 13. Bc2 Re8 14. b4 exd4 15.
cxd4 cxd4 16. Nxd4 Bf8 17. Bb2 Rc8 18. Qb1 g6 19. Qa2 Re7 20. Rad1 Qe8 21. a4
bxa4 22. Bxa4 Nxe4 23. Bxd7 Qxd7 24. Nxe4 Rxe4 25. Rxe4 Bxe4 26. Qxa6 Qb7
1/2-1/2

[Event "Philadelphia op"]
[Site "Philadelphia"]
[Date "2010.04.03"]
[Round "7"]
[White "Romanenko, Vladimir"]
[Black "Kamsky, Gata"]
[Result "0-1"]
[WhiteElo "2499"]
[BlackElo "2702"]
[PlyCount "102"]
[EventDate "2010.03.31"]
[EventType "swiss"]
[EventRounds "9"]
[EventCountry "USA"]
[SourceTitle "CBM 135 Extra"]
[Source "ChessBase"]
[SourceDate "2010.05.04"]
[SourceVersion "1"]
[SourceVersionDate "2010.05.04"]
[SourceQuality "1"]

1. d4 d5 2. c4 c6 3. Nc3 Nf6 4. cxd5 cxd5 5. Nf3 Qb6 6. Na4 Qc7 7. g3 Nc6 8.
Bf4 Qa5+ 9. Bd2 Qd8 10. Bg2 Bf5 11. Qb3 Rb8 12. O-O e6 13. Bf4 Bd6 14. Bxd6
Qxd6 15. e3 O-O 16. Nh4 Bg4 17. Bf3 h5 18. Nc3 g5 19. Bxg4 hxg4 20. Ng2 b5 21.
Rac1 b4 22. Na4 Ne4 23. Qd1 f5 24. f3 gxf3 25. Qxf3 e5 26. Nc5 exd4 27. Qh5 Rf6
28. Nxe4 fxe4 29. Rxf6 Qxf6 30. Rxc6 Qxc6 31. Qxg5+ Kf7 32. Qf4+ Ke6 33. Qxb8
Qc1+ 34. Kf2 Qd2+ 35. Kf1 Qc1+ 36. Ne1 Qc4+ 37. Kg1 d3 38. Ng2 Qc1+ 39. Kf2
Qxb2+ 40. Kg1 Qa1+ 41. Kf2 Qxa2+ 42. Kg1 d2 43. Nf4+ Kd7 44. Qb7+ Kd6 45. Qb8+
Kc6 46. Qc8+ Kb6 47. Qb8+ Ka6 48. Qc8+ Ka5 49. Qc7+ Ka4 50. Qd7+ Ka3 51. Qxa7+
Kb3 0-1

[Event "Philadelphia op"]
[Site "Philadelphia"]
[Date "2010.04.04"]
[Round "8"]
[White "Kamsky, Gata"]
[Black "Shabalov, Alexander"]
[Result "1/2-1/2"]
[WhiteElo "2702"]
[BlackElo "2587"]
[PlyCount "96"]
[EventDate "2010.03.31"]
[EventType "swiss"]
[EventRounds "9"]
[EventCountry "USA"]
[SourceTitle "CBM 135 Extra"]
[Source "ChessBase"]
[SourceDate "2010.05.04"]
[SourceVersion "1"]
[SourceVersionDate "2010.05.04"]
[SourceQuality "1"]

1. d4 Nf6 2. Nf3 g6 3. Bg5 Bg7 4. Nbd2 O-O 5. c3 d6 6. e4 Nc6 7. Bb5 Bd7 8. O-O
a6 9. Ba4 h6 10. Bh4 g5 11. Bg3 Nh5 12. Re1 Nxg3 13. hxg3 e6 14. Nf1 Ne7 15.
Bb3 c5 16. dxc5 dxc5 17. N3h2 Be8 18. Qh5 Kh7 19. Nf3 Nc6 20. Qh3 Ne5 21. Nxe5
Bxe5 22. Nh2 Bg7 23. e5 Rh8 24. f4 Qe7 25. f5 c4 26. Bc2 exf5 27. Qxf5+ Kg8 28.
Rad1 Qe6 29. Qf2 Bd7 30. Qd4 Bc8 31. Nf3 Bf8 32. Nd2 b6 33. Ne4 b5 34. Nd6 Qe7
35. Be4 Rb8 36. Bd5 Be6 37. Rf1 Rd8 38. Bxe6 Qxe6 39. Rf6 Qxf6 40. exf6 Rxd6
41. Qxd6 Bxd6 42. Rxd6 Kh7 43. Rxa6 Rd8 44. Rb6 Rd1+ 45. Kh2 Rd5 46. g4 Kg6 47.
b3 cxb3 48. axb3 Rc5 1/2-1/2

[Event "Baku Presidents Cup"]
[Site "Baku"]
[Date "2010.04.29"]
[Round "2"]
[White "Sutovsky, Emil"]
[Black "Kamsky, Gata"]
[Result "1/2-1/2"]
[WhiteElo "2650"]
[BlackElo "2702"]
[PlyCount "74"]
[EventDate "2010.04.29"]
[EventType "tourn (rapid)"]
[EventRounds "7"]
[EventCountry "AZE"]
[EventCategory "18"]
[SourceTitle "CBM 136 Extra"]
[Source "ChessBase"]
[SourceDate "2010.07.02"]
[SourceVersion "2"]
[SourceVersionDate "2010.07.15"]
[SourceQuality "1"]

1. e4 c5 2. Nf3 e6 3. d4 cxd4 4. Nxd4 a6 5. Nc3 d6 6. Be3 b5 7. Qd2 Nf6 8. f3
h5 9. a4 bxa4 10. Nxa4 Nbd7 11. Qc3 Bb7 12. Nc6 Bxc6 13. Qxc6 Be7 14. Nb6 Rb8
15. Rxa6 O-O 16. Be2 d5 17. O-O Nxb6 18. Bxb6 Qc8 19. Bd4 dxe4 20. fxe4 Qxc6
21. Rxc6 Rfd8 22. Bxf6 Bxf6 23. Bxh5 Bd4+ 24. Kh1 g6 25. Bg4 Bxb2 26. Rc7 Rf8
27. g3 Be5 28. Rcxf7 Rxf7 29. Bxe6 Rbf8 30. Kg2 Kg7 31. Rxf7+ Rxf7 32. Bxf7
Kxf7 33. Kf3 Kf6 34. Kg4 Bc3 35. h4 Ke5 36. Kf3 Be1 37. c4 Kd4 1/2-1/2

[Event "Baku Presidents Cup"]
[Site "Baku"]
[Date "2010.05.01"]
[Round "6"]
[White "Guseinov, Gadir"]
[Black "Kamsky, Gata"]
[Result "0-1"]
[WhiteElo "2609"]
[BlackElo "2702"]
[PlyCount "85"]
[EventDate "2010.04.29"]
[EventType "tourn (rapid)"]
[EventRounds "7"]
[EventCountry "AZE"]
[EventCategory "18"]
[SourceTitle "CBM 136 Extra"]
[Source "ChessBase"]
[SourceDate "2010.07.02"]
[SourceVersion "2"]
[SourceVersionDate "2010.07.15"]
[SourceQuality "1"]

1. e4 c5 2. Nf3 e6 3. d4 cxd4 4. Nxd4 a6 5. Nc3 b5 6. Be2 Bb7 7. Bf3 Ne7 8. O-O
Ng6 9. e5 Qc7 10. Bxb7 Qxb7 11. f4 Nc6 12. Nxc6 Qxc6 13. Qe2 Nh4 14. Ne4 Nf5
15. c3 h5 16. Bd2 Bc5+ 17. Kh1 h4 18. Rf3 Rc8 19. Be1 d5 20. exd6 Bxd6 21.
Nxd6+ Qxd6 22. Rd1 Qc6 23. Rh3 Rh6 24. Qf3 Qxf3 25. Rxf3 Ke7 26. Rfd3 Rhh8 27.
Rd7+ Kf6 28. Bf2 Rc4 29. Bd4+ Kg6 30. a3 f6 31. Kg1 h3 32. g3 Re8 33. Bf2 Kh5
34. Rd8 Rxd8 35. Rxd8 Kg4 36. Kf1 Re4 37. Rd3 e5 38. fxe5 fxe5 39. b3 g5 40.
Bg1 a5 41. Bf2 a4 42. bxa4 bxa4 43. Rd5 0-1